000 00214nam a2200097Ia 4500
008 240331s9999 xx 000 0 und d
082 _bRIC
100 _aRoberts, J.L,. ed
245 0 _aRichard II :
_bnotes
942 _cL
999 _c3200
_d3200